01128nam a2200253 u 450000500170000000800410001704000270005804100130008504400070009808200170010524500600012224600790018226000300026130000920029150400610038365000350044465000520047965000340053171000550056571000510062094200150067199900170068695201710070320160502155211.0160502b2014 pe ad |r|||| 00| 0 eng d aCO-BoIAVH cCO-BoIAVH 1 aengaspa ape04a304.25bC63c00aClimate change impacts on mountain regions of the world01aLos impactos del cambio climático en las regiones montañosas del mundo a[Lima?]:bUNESCO,cc2014. a102 páginas :bilustraciones a color y fotografías a color ;c15 x 21 centímetros aIncluye referencias bibliográficas: páginas 100-102.16aCambio climáticoxmontañas26aMontañasxadapatación al cambio climático26aImpacto ambientalxmontañas2 aUNESCObPrograma Hidrológico Internacional (PHI)2 aUNESCObPrograma El Hombre y la Biosfera (MAB) 2ddccLIBRO c18425d18425 00102ddc40708GENERALIINV2017aBogotabBogotad2016-05-02eInstitutog39000.00l0oLB-304.25 C63cp040046r2016-05-02 00:00:00tEj. 1w2016-05-02xDonacionyLIBRO